The aims of argument : A text and reader
The Aims of Argument is a process-oriented introduction to argumentation with unique coverage of the aims, or purposes, of argument - to inquire, to convince, to persuade, and to mediate. In contrast to other approaches, the focus on aims provides rhetorical context that helps students write, as wel...
Enregistré dans:
| Auteur principal: | |
|---|---|
| Format: | Livre |
| Langue: | Undetermined |
| Publié: |
London
McGraw-Hill
2003
|
| Sujets: | |
| Tags: |
Ajouter un tag
Pas de tags, Soyez le premier à ajouter un tag!
|
| Thư viện lưu trữ: | Trung tâm Học liệu Trường Đại học Cần Thơ |
|---|
| LEADER | 00985nam a2200229Ia 4500 | ||
|---|---|---|---|
| 001 | CTU_138123 | ||
| 008 | 210402s9999 xx 000 0 und d | ||
| 020 | |c 65.63 | ||
| 082 | |a 808.0427 | ||
| 082 | |b C957 | ||
| 100 | |a Crusius, Timothy W. | ||
| 245 | 4 | |a The aims of argument : | |
| 245 | 2 | |b A text and reader | |
| 245 | 0 | |c Timothy W. Crusius, Carolyn E. Channell | |
| 260 | |a London | ||
| 260 | |b McGraw-Hill | ||
| 260 | |c 2003 | ||
| 520 | |a The Aims of Argument is a process-oriented introduction to argumentation with unique coverage of the aims, or purposes, of argument - to inquire, to convince, to persuade, and to mediate. In contrast to other approaches, the focus on aims provides rhetorical context that helps students write, as well as read, arguments. | ||
| 650 | |a Ngôn ngữ Anh,English language,Persuasion (Rhetoric),College readers | ||
| 650 | |x Rhetoric | ||
| 904 | |i Trọng Hải, Trong Hieu | ||
| 980 | |a Trung tâm Học liệu Trường Đại học Cần Thơ | ||